La teoría pura del derecho / (Record no. 58625)

MARC details
000 -LEADER
campo de control de longitud fija 00545nam a2200181 i 4500
001 - NÚMERO DE CONTROL
campo de control 58625
003 - IDENTIFICADOR DE NÚMERO DE CONTROL
campo de control ES-MaACL
007 - CAMPO FIJO DE DESCRIPCIÓN FÍSICA--INFORMACIÓN GENERAL
campo de control de longitud fija t|
008 - DATOS DE LONGITUD FIJA--INFORMACIÓN GENERAL
campo de control de longitud fija 031023s1947 sp ||||1| spa d
100 1# - ENTRADA PRINCIPAL--NOMBRE DE PERSONA
Nombre de persona Ebenstein, William.
9 (RLIN) 46464
245 13 - MENCIÓN DEL TÍTULO
Título La teoría pura del derecho /
Mención de responsabilidad, etc. William Ebenstein ; versión directa de J. Malagón y A. Pereña.
250 ## - MENCION DE EDICION
Mención de edición [1ª ed. en español].
260 ## - PUBLICACIÓN, DISTRIBUCIÓN, ETC.
Lugar de publicación, distribución, etc. [S.l. :
Nombre del editor, distribuidor, etc. s.n.,
Fecha de publicación, distribución, etc. 1947]
300 ## - DESCRIPCIÓN FÍSICA
Extensión 241 p. ;
Dimensiones 22 cm.
700 1# - ENTRADA AGREGADA--NOMBRE PERSONAL
Nombre de persona Malagón, J.
9 (RLIN) 75673
700 1# - ENTRADA AGREGADA--NOMBRE PERSONAL
Nombre de persona Pereña, A.
9 (RLIN) 90511
852 ## - LOCALIZACIÓN
Ubicación ES-MaACL
Número de control de estantería E-283
Sublocalización o colección R.26419
Holdings
Estatus retirado Estado de pérdida Estado de daño No para préstamo Biblioteca de origen Biblioteca actual Ubicación en estantería Fecha de adquisición Fuente de adquisición Total de préstamos Signatura topográfica completa Código de barras Visto por última vez Precio de reemplazo Tipo de ítem Koha
        Biblioteca del Ateneo de Madrid Biblioteca del Ateneo de Madrid Depósito 2 17/01/2008     E-283 1061506 23/02/2023 23/02/2023 Libro impreso